[Event "Russian Rapid Championship (m)"]
[Site "Sochi"]
[Date "2022.10.16"]
[Round "8.6"]
[White "Tomashevsky, Evgeny"]
[Black "Grebnev, Aleksey"]
[Result "1-0"]
[BlackElo "2469"]
[WhiteElo "2631"]
[LiveChessVersion "1.4.8"]

1. c4 {[%clk 0:15:18]} Nf6 {[%clk 0:15:18]} 2. Nf3 {[%clk 0:15:26]} e6
{[%clk 0:15:26]} 3. g3 {[%clk 0:15:33]} d5 {[%clk 0:15:34]} 4. Bg2
{[%clk 0:15:42]} Be7 {[%clk 0:15:41]} 5. O-O {[%clk 0:15:44]} O-O
{[%clk 0:15:48]} 6. b3 {[%clk 0:15:43]} b6 {[%clk 0:15:57]} 7. d4
{[%clk 0:15:27]} Bb7 {[%clk 0:15:57]} 8. Nc3 {[%clk 0:14:49]} Nbd7
{[%clk 0:15:00]} 9. Bb2 {[%clk 0:11:37]} c5 {[%clk 0:14:29]} 10. cxd5
{[%clk 0:11:43]} Nxd5 {[%clk 0:14:17]} 11. Rc1 {[%clk 0:11:52]} Rc8
{[%clk 0:13:52]} 12. Qd2 {[%clk 0:08:36]} Nxc3 {[%clk 0:13:16]} 13. Bxc3
{[%clk 0:08:09]} Nf6 {[%clk 0:10:40]} 14. Bb2 {[%clk 0:07:39]} Ne4
{[%clk 0:09:16]} 15. Qe3 {[%clk 0:07:26]} Bd5 {[%clk 0:07:23]} 16. Ne5
{[%clk 0:07:05]} Nf6 {[%clk 0:07:16]} 17. Rfd1 {[%clk 0:05:50]} Qc7
{[%clk 0:06:21]} 18. Bxd5 {[%clk 0:05:31]} Nxd5 {[%clk 0:06:08]} 19. Qf3
{[%clk 0:05:39]} Qb7 {[%clk 0:02:03]} 20. dxc5 {[%clk 0:05:48]} Rxc5
{[%clk 0:01:12]} 21. Rc4 {[%clk 0:05:56]} Bf6 {[%clk 0:00:39]} 22. e4
{[%clk 0:03:57]} Rxc4 {[%clk 0:00:29]} 23. Nxc4 {[%clk 0:04:06]} Bxb2
{[%clk 0:00:29]} 24. exd5 {[%clk 0:04:14]} Bf6 {[%clk 0:00:24]} 25. Nd6
{[%clk 0:04:14]} Qe7 {[%clk 0:00:15]} 26. Ne4 {[%clk 0:04:03]} exd5
{[%clk 0:00:13]} 27. Rxd5 {[%clk 0:04:11]} Be5 {[%clk 0:00:13]} 28. Qf5
{[%clk 0:04:07]} Bb8 {[%clk 0:00:19]} 29. Rd7 {[%clk 0:04:15]} Qe8
{[%clk 0:00:12]} 30. Kg2 {[%clk 0:04:10]} h6 {[%clk 0:00:17]} 31. h4
{[%clk 0:03:57]} Qc8 {[%clk 0:00:21]} 32. Qd5 {[%clk 0:03:57]} Qc2
{[%clk 0:00:22]} 33. a4 {[%clk 0:04:05]} Qc8 {[%clk 0:00:23]} 34. h5
{[%clk 0:03:50]} Qc2 {[%clk 0:00:21]} 35. Nd2 {[%clk 0:03:33]} Qd1
{[%clk 0:00:21]} 36. Qf5 {[%clk 0:03:41]} Qe2 {[%clk 0:00:22]} 37. Nf3
{[%clk 0:03:42]} Qb2 {[%clk 0:00:15]} 38. Nd4 {[%clk 0:03:31]} Qc3
{[%clk 0:00:17]} 39. Qd5 {[%clk 0:03:13]} a6 {[%clk 0:00:14]} 40. b4
{[%clk 0:02:50]} Qc8 {[%clk 0:00:14]} 41. Nc6 {[%clk 0:02:46]} Kh7
{[%clk 0:00:14]} 42. b5 {[%clk 0:02:50]} axb5 {[%clk 0:00:22]} 43. axb5
{[%clk 0:02:59]} Qe8 {[%clk 0:00:18]} 44. Rb7 {[%clk 0:02:26]} Bxg3
{[%clk 0:00:19]} 45. Kxg3 {[%clk 0:02:33]} Qe1 {[%clk 0:00:16]} 46. Kg2
{[%clk 0:02:22]} Qe2 {[%clk 0:00:22]} 47. Qf5+ {[%clk 0:02:18]} Kg8
{[%clk 0:00:23]} 48. Ne7+ {[%clk 0:02:16]} 1-0

[Event "Russian Rapid Championship (m)"]
[Site "Sochi"]
[Date "2022.10.16"]
[Round "8.7"]
[White "Grachev, Boris"]
[Black "Kezin, Roman"]
[Result "1/2-1/2"]
[BlackElo "2471"]
[WhiteElo "2612"]
[LiveChessVersion "1.4.8"]

1. Nf3 {[%clk 0:15:17]} d5 {[%clk 0:15:13]} 2. e3 {[%clk 0:15:23]} Nf6
{[%clk 0:15:19]} 3. c4 {[%clk 0:15:32]} e6 {[%clk 0:15:20]} 4. b3
{[%clk 0:15:23]} c5 {[%clk 0:15:24]} 5. Bb2 {[%clk 0:15:05]} Nc6 {[%clk 0:15:28]}
6. cxd5 {[%clk 0:15:06]} exd5 {[%clk 0:15:34]} 7. Bb5 {[%clk 0:14:41]} Bd6
{[%clk 0:15:38]} 8. O-O {[%clk 0:14:11]} O-O {[%clk 0:15:44]} 9. Bxc6
{[%clk 0:13:06]} bxc6 {[%clk 0:15:50]} 10. d3 {[%clk 0:13:14]} Re8
{[%clk 0:10:53]} 11. Nbd2 {[%clk 0:11:22]} Bf5 {[%clk 0:06:27]} 12. Qc2
{[%clk 0:09:25]} a5 {[%clk 0:05:23]} 13. Rfe1 {[%clk 0:08:59]} Bg6
{[%clk 0:02:33]} 14. e4 {[%clk 0:06:14]} Nd7 {[%clk 0:01:48]} 15. Nf1
{[%clk 0:05:42]} a4 {[%clk 0:01:43]} 16. Ng3 {[%clk 0:05:37]} Bf8
{[%clk 0:00:45]} 17. Rad1 {[%clk 0:02:34]} h6 {[%clk 0:00:35]} 18. Bc3
{[%clk 0:02:28]} axb3 {[%clk 0:00:18]} 19. axb3 {[%clk 0:02:37]} Bh7
{[%clk 0:00:17]} 20. Nh5 {[%clk 0:02:20]} Rb8 {[%clk 0:00:19]} 21. h3
{[%clk 0:01:52]} Qb6 {[%clk 0:00:22]} 22. Rb1 {[%clk 0:01:53]} Qa6
{[%clk 0:00:18]} 23. Nh2 {[%clk 0:00:55]} c4 {[%clk 0:00:16]} 24. bxc4
{[%clk 0:01:00]} Rxb1 {[%clk 0:00:15]} 25. Qxb1 {[%clk 0:01:00]} dxc4
{[%clk 0:00:17]} 26. Qb2 {[%clk 0:00:36]} Qb5 {[%clk 0:00:24]} 27. Qe2
{[%clk 0:00:22]} cxd3 {[%clk 0:00:27]} 28. Qg4 {[%clk 0:00:31]} d2
{[%clk 0:00:11]} 29. Bxd2 {[%clk 0:00:26]} Ne5 {[%clk 0:00:14]} 30. Qg3
{[%clk 0:00:28]} Ng6 {[%clk 0:00:16]} 31. Nf4 {[%clk 0:00:26]} Bd6
{[%clk 0:00:17]} 32. Qf3 {[%clk 0:00:28]} Nxf4 {[%clk 0:00:15]} 33. Bxf4
{[%clk 0:00:36]} Bxf4 {[%clk 0:00:15]} 34. Qxf4 {[%clk 0:00:44]} Rxe4
{[%clk 0:00:18]} 35. Rd1 {[%clk 0:00:26]} Bg6 {[%clk 0:00:15]} 36. Qc7
{[%clk 0:00:27]} Re8 {[%clk 0:00:11]} 37. Nf3 {[%clk 0:00:34]} Bh5
{[%clk 0:00:13]} 38. g4 {[%clk 0:00:35]} Bg6 {[%clk 0:00:18]} 39. Qd7
{[%clk 0:00:31]} Ra8 {[%clk 0:00:14]} 40. Nd4 {[%clk 0:00:39]} Qd5
{[%clk 0:00:13]} 41. Qxc6 {[%clk 0:00:30]} Rd8 {[%clk 0:00:12]} 42. Qxd5
{[%clk 0:00:35]} Rxd5 {[%clk 0:00:21]} 43. Rd2 {[%clk 0:00:44]} h5
{[%clk 0:00:14]} 44. Kg2 {[%clk 0:00:51]} hxg4 {[%clk 0:00:13]} 45. hxg4
{[%clk 0:01:00]} f5 {[%clk 0:00:17]} 46. g5 {[%clk 0:00:56]} f4 {[%clk 0:00:26]}
47. Kf3 {[%clk 0:01:05]} Rxg5 {[%clk 0:00:29]} 48. Ne6 {[%clk 0:00:44]} Re5
{[%clk 0:00:18]} 49. Nxf4 {[%clk 0:00:52]} Bf7 {[%clk 0:00:15]} 50. Rd8+
{[%clk 0:00:57]} Re8 {[%clk 0:00:22]} 51. Rd7 {[%clk 0:01:00]} Re5
{[%clk 0:00:26]} 52. Rc7 {[%clk 0:01:02]} Bd5+ {[%clk 0:00:19]} 53. Kg3
{[%clk 0:01:03]} Bf7 {[%clk 0:00:26]} 54. Rc8+ {[%clk 0:01:02]} Re8
{[%clk 0:00:25]} 55. Rc5 {[%clk 0:01:10]} Be6 {[%clk 0:00:29]} 56. Kh4
{[%clk 0:01:02]} Bf7 {[%clk 0:00:27]} 57. Kg5 {[%clk 0:01:09]} Rd8
{[%clk 0:00:35]} 58. Kg4 {[%clk 0:00:51]} Rd2 {[%clk 0:00:20]} 59. Kg3
{[%clk 0:00:59]} Rd8 {[%clk 0:00:28]} 60. Nh3 {[%clk 0:00:54]} Rd5
{[%clk 0:00:30]} 61. Rc8+ {[%clk 0:01:02]} Kh7 {[%clk 0:00:39]} 62. Rc7
{[%clk 0:01:06]} Be6 {[%clk 0:00:31]} 63. Nf4 {[%clk 0:01:09]} Rg5+
{[%clk 0:00:40]} 64. Kf3 {[%clk 0:01:18]} Bg4+ {[%clk 0:00:27]} 65. Ke4
{[%clk 0:01:23]} Ra5 {[%clk 0:00:32]} 66. Rc4 {[%clk 0:00:53]} g5
{[%clk 0:00:14]} 67. Rc7+ {[%clk 0:00:48]} Kh6 {[%clk 0:00:13]} 68. Rc6+
{[%clk 0:00:54]} Kh7 {[%clk 0:00:17]} 69. Ng2 {[%clk 0:00:22]} Rf5
{[%clk 0:00:12]} 70. Ne3 {[%clk 0:00:15]} Rxf2 {[%clk 0:00:13]} 71. Nxg4
{[%clk 0:00:17]} Rf4+ {[%clk 0:00:21]} 72. Ke5 {[%clk 0:00:26]} Rxg4
{[%clk 0:00:30]} 73. Kf5 {[%clk 0:00:35]} Rf4+ {[%clk 0:00:33]} 74. Ke4 1/2-1/2

[Event "Russian Rapid Championship (m)"]
[Site "Sochi"]
[Date "2022.10.16"]
[Round "8.8"]
[White "Tsydypov, Zhamsaran"]
[Black "Makarian, Rudik"]
[Result "1-0"]
[BlackElo "2469"]
[WhiteElo "2554"]
[LiveChessVersion "1.4.8"]

1. e4 {[%clk 0:15:15]} e5 {[%clk 0:15:04]} 2. Nf3 {[%clk 0:15:21]} Nc6
{[%clk 0:15:12]} 3. Bc4 {[%clk 0:15:29]} Nf6 {[%clk 0:15:19]} 4. d3
{[%clk 0:15:36]} h6 {[%clk 0:15:26]} 5. Nbd2 {[%clk 0:15:33]} Bc5
{[%clk 0:15:14]} 6. c3 {[%clk 0:15:38]} d6 {[%clk 0:15:21]} 7. O-O
{[%clk 0:15:37]} a5 {[%clk 0:15:21]} 8. Re1 {[%clk 0:15:43]} O-O {[%clk 0:15:25]}
9. Nf1 {[%clk 0:15:06]} Bb6 {[%clk 0:15:32]} 10. h3 {[%clk 0:14:59]} Be6
{[%clk 0:15:39]} 11. Bb5 {[%clk 0:15:01]} Ne7 {[%clk 0:15:47]} 12. Ng3
{[%clk 0:15:04]} Nd7 {[%clk 0:15:55]} 13. d4 {[%clk 0:14:57]} f5 {[%clk 0:16:04]}
14. dxe5 {[%clk 0:12:20]} f4 {[%clk 0:11:32]} 15. Nh5 {[%clk 0:10:29]} Nxe5
{[%clk 0:07:47]} 16. Nxf4 {[%clk 0:10:16]} N7g6 {[%clk 0:07:11]} 17. Nxg6
{[%clk 0:07:21]} Rxf3 {[%clk 0:05:16]} 18. Nxe5 {[%clk 0:05:16]} Rxf2
{[%clk 0:02:41]} 19. Be3 {[%clk 0:05:12]} Qh4 {[%clk 0:02:49]} 20. Ng4
{[%clk 0:02:47]} Bxe3 {[%clk 0:00:37]} 21. Rxe3 {[%clk 0:02:37]} Raf8
{[%clk 0:00:17]} 22. Be2 {[%clk 0:01:04]} h5 {[%clk 0:00:23]} 23. Rf3
{[%clk 0:00:16]} R8xf3 {[%clk 0:00:13]} 24. Bxf3 {[%clk 0:00:25]} hxg4
{[%clk 0:00:21]} 25. Bxg4 {[%clk 0:00:22]} Bxg4 {[%clk 0:00:27]} 26. hxg4
{[%clk 0:00:23]} Rxb2 {[%clk 0:00:22]} 27. Qd5+ {[%clk 0:00:27]} Kh7
{[%clk 0:00:22]} 28. Qf5+ {[%clk 0:00:35]} Kh6 {[%clk 0:00:19]} 29. Rf1
{[%clk 0:00:38]} Qg5 {[%clk 0:00:17]} 30. Qe6+ {[%clk 0:00:42]} Qg6
{[%clk 0:00:13]} 31. Qg8 {[%clk 0:00:26]} Qh7 {[%clk 0:00:12]} 32. g5+
{[%clk 0:00:33]} Kg6 {[%clk 0:00:20]} 33. Rf6+ {[%clk 0:00:41]} Kh6 1-0

[Event "Russian Rapid Championship (m)"]
[Site "Sochi"]
[Date "2022.10.16"]
[Round "8.9"]
[White "Drygalov, Andrey"]
[Black "Pridorozhni, Aleksei"]
[Result "1/2-1/2"]
[BlackElo "2538"]
[WhiteElo "2456"]
[LiveChessVersion "1.4.8"]

1. e4 {[%clk 0:15:17]} c5 {[%clk 0:15:18]} 2. Nf3 {[%clk 0:15:25]} e6
{[%clk 0:15:27]} 3. d4 {[%clk 0:15:33]} cxd4 {[%clk 0:15:35]} 4. Nxd4
{[%clk 0:15:42]} Nf6 {[%clk 0:15:44]} 5. Nc3 {[%clk 0:15:51]} Nc6
{[%clk 0:15:53]} 6. Ndb5 {[%clk 0:16:00]} Bc5 {[%clk 0:16:01]} 7. Bf4
{[%clk 0:16:08]} O-O {[%clk 0:16:09]} 8. Bc7 {[%clk 0:16:15]} Qe7
{[%clk 0:16:17]} 9. Bd6 {[%clk 0:16:23]} Bxd6 {[%clk 0:16:24]} 10. Qxd6
{[%clk 0:16:31]} Qd8 {[%clk 0:16:08]} 11. O-O-O {[%clk 0:15:20]} a6
{[%clk 0:16:12]} 12. Nd4 {[%clk 0:15:03]} Na5 {[%clk 0:16:19]} 13. h4
{[%clk 0:14:32]} b5 {[%clk 0:16:11]} 14. h5 {[%clk 0:14:16]} h6 {[%clk 0:16:04]}
15. f3 {[%clk 0:14:12]} Bb7 {[%clk 0:16:08]} 16. Nb3 {[%clk 0:13:38]} Nxb3+
{[%clk 0:16:00]} 17. axb3 {[%clk 0:13:42]} Rc8 {[%clk 0:16:05]} 18. Kb1
{[%clk 0:13:41]} Qc7 {[%clk 0:15:28]} 19. Be2 {[%clk 0:12:10]} Rfd8
{[%clk 0:15:24]} 20. g4 {[%clk 0:11:33]} Qxd6 {[%clk 0:12:12]} 21. Rxd6
{[%clk 0:11:42]} Rc6 {[%clk 0:12:20]} 22. Rd4 {[%clk 0:10:25]} e5
{[%clk 0:10:29]} 23. Rd2 {[%clk 0:10:27]} Kf8 {[%clk 0:10:33]} 24. Rhd1
{[%clk 0:10:09]} d6 {[%clk 0:09:50]} 25. Na2 {[%clk 0:09:35]} Ke7
{[%clk 0:09:45]} 26. c4 {[%clk 0:07:34]} Rb6 {[%clk 0:07:59]} 27. Nc3
{[%clk 0:07:04]} Rc8 {[%clk 0:05:58]} 28. cxb5 {[%clk 0:04:53]} axb5
{[%clk 0:06:06]} 29. b4 {[%clk 0:05:02]} Rb8 {[%clk 0:04:04]} 30. Nxb5
{[%clk 0:01:23]} Ba6 {[%clk 0:04:08]} 31. Nc7 {[%clk 0:00:47]} Bxe2
{[%clk 0:04:15]} 32. Rxe2 {[%clk 0:00:55]} R8b7 {[%clk 0:04:07]} 33. Nd5+
{[%clk 0:00:19]} Nxd5 {[%clk 0:04:14]} 34. Rxd5 {[%clk 0:00:27]} Rxb4
{[%clk 0:04:23]} 35. Rd3 {[%clk 0:00:35]} R7b6 {[%clk 0:04:06]} 36. Red2
{[%clk 0:00:35]} g6 {[%clk 0:04:06]} 37. hxg6 {[%clk 0:00:13]} fxg6
{[%clk 0:04:14]} 38. Rh2 {[%clk 0:00:22]} Kf6 {[%clk 0:04:10]} 39. Ka2
{[%clk 0:00:29]} Kg5 {[%clk 0:04:10]} 40. b3 {[%clk 0:00:36]} R4b5
{[%clk 0:04:08]} 41. Rhd2 {[%clk 0:00:27]} Ra5+ {[%clk 0:03:17]} 42. Kb2
{[%clk 0:00:35]} Ra8 {[%clk 0:03:20]} 43. Rxd6 {[%clk 0:00:32]} Rxd6
{[%clk 0:03:29]} 44. Rxd6 {[%clk 0:00:41]} Rf8 {[%clk 0:03:38]} 45. b4
{[%clk 0:00:21]} Rxf3 {[%clk 0:03:46]} 46. b5 {[%clk 0:00:30]} Re3
{[%clk 0:03:03]} 47. b6 {[%clk 0:00:38]} Rxe4 {[%clk 0:03:12]} 48. Kc3
{[%clk 0:00:46]} Re1 {[%clk 0:03:15]} 49. Kc2 {[%clk 0:00:13]} Rf1
{[%clk 0:02:54]} 50. b7 {[%clk 0:00:22]} Rf8 {[%clk 0:03:02]} 51. Rb6
{[%clk 0:00:31]} Rb8 {[%clk 0:03:11]} 52. Kd3 {[%clk 0:00:35]} Kxg4
{[%clk 0:03:17]} 53. Rxg6+ {[%clk 0:00:44]} Kf5 {[%clk 0:03:25]} 54. Rxh6
{[%clk 0:00:38]} 1/2-1/2

[Event "Russian Rapid Championship (m)"]
[Site "Sochi"]
[Date "2022.10.16"]
[Round "8.10"]
[White "Afanasiev, Nikita"]
[Black "Salemgareev, Tagir"]
[Result "1-0"]
[BlackElo "2432"]
[WhiteElo "2535"]
[LiveChessVersion "1.4.8"]

1. e4 {[%clk 0:15:18]} c5 {[%clk 0:15:18]} 2. Nf3 {[%clk 0:15:26]} d6
{[%clk 0:15:26]} 3. d4 {[%clk 0:15:30]} cxd4 {[%clk 0:15:34]} 4. Qxd4
{[%clk 0:15:38]} a6 {[%clk 0:15:42]} 5. Be2 {[%clk 0:15:37]} Nf6 {[%clk 0:15:50]}
6. O-O {[%clk 0:15:40]} e6 {[%clk 0:15:54]} 7. Rd1 {[%clk 0:15:41]} Qc7
{[%clk 0:15:59]} 8. c4 {[%clk 0:15:41]} Be7 {[%clk 0:16:07]} 9. Nc3
{[%clk 0:15:49]} O-O {[%clk 0:16:14]} 10. h3 {[%clk 0:15:52]} b6 {[%clk 0:16:20]}
11. e5 {[%clk 0:14:56]} dxe5 {[%clk 0:16:17]} 12. Qxe5 {[%clk 0:15:04]} Qxe5
{[%clk 0:15:36]} 13. Nxe5 {[%clk 0:15:12]} Nfd7 {[%clk 0:15:43]} 14. Nxd7
{[%clk 0:14:04]} Nxd7 {[%clk 0:15:50]} 15. Bf3 {[%clk 0:14:09]} Ra7
{[%clk 0:15:55]} 16. Bf4 {[%clk 0:14:07]} Bf6 {[%clk 0:13:56]} 17. Bd6
{[%clk 0:13:18]} Bxc3 {[%clk 0:04:40]} 18. bxc3 {[%clk 0:12:54]} Bb7
{[%clk 0:03:32]} 19. Bxb7 {[%clk 0:11:59]} Rxb7 {[%clk 0:03:41]} 20. Bxf8
{[%clk 0:12:05]} Kxf8 {[%clk 0:03:50]} 21. Rd6 {[%clk 0:11:50]} Ke7
{[%clk 0:03:58]} 22. Rc6 {[%clk 0:11:58]} Ne5 {[%clk 0:03:39]} 23. Rc8
{[%clk 0:12:05]} Kd7 {[%clk 0:03:48]} 24. Rh8 {[%clk 0:11:57]} h6
{[%clk 0:03:46]} 25. Rh7 {[%clk 0:11:37]} 1-0

[Event "Russian Rapid Championship (m)"]
[Site "Sochi"]
[Date "2022.10.16"]
[Round "8.11"]
[White "Bryakin, Mikhail"]
[Black "Alekseev, Evgeny"]
[Result "1/2-1/2"]
[BlackElo "2533"]
[WhiteElo "2369"]
[LiveChessVersion "1.4.8"]

1. d4 {[%clk 0:15:19]} Nf6 {[%clk 0:15:18]} 2. c4 {[%clk 0:15:27]} e6
{[%clk 0:15:24]} 3. Nf3 {[%clk 0:15:35]} d5 {[%clk 0:15:22]} 4. g3
{[%clk 0:15:43]} Bb4+ {[%clk 0:15:14]} 5. Bd2 {[%clk 0:15:50]} Be7
{[%clk 0:15:21]} 6. Bg2 {[%clk 0:15:57]} O-O {[%clk 0:15:28]} 7. O-O
{[%clk 0:16:02]} c6 {[%clk 0:15:03]} 8. Qc2 {[%clk 0:16:04]} b6 {[%clk 0:14:30]}
9. Bf4 {[%clk 0:16:00]} Nbd7 {[%clk 0:14:23]} 10. Rd1 {[%clk 0:16:02]} Bb7
{[%clk 0:14:20]} 11. Nc3 {[%clk 0:16:07]} dxc4 {[%clk 0:13:59]} 12. Nd2
{[%clk 0:16:13]} Nd5 {[%clk 0:14:06]} 13. Nxc4 {[%clk 0:16:20]} Nxf4
{[%clk 0:14:13]} 14. gxf4 {[%clk 0:16:28]} Qc7 {[%clk 0:14:09]} 15. e3
{[%clk 0:16:36]} Rad8 {[%clk 0:13:56]} 16. Rac1 {[%clk 0:16:41]} c5
{[%clk 0:13:31]} 17. d5 {[%clk 0:16:41]} exd5 {[%clk 0:13:38]} 18. Nxd5
{[%clk 0:15:39]} Bxd5 {[%clk 0:13:46]} 19. Rxd5 {[%clk 0:15:28]} b5
{[%clk 0:13:52]} 20. Ne5 {[%clk 0:15:00]} Nxe5 {[%clk 0:13:58]} 21. Rxe5
{[%clk 0:15:02]} Bd6 {[%clk 0:14:00]} 22. Rd5 {[%clk 0:14:54]} Be7
{[%clk 0:14:07]} 23. Re5 {[%clk 0:14:15]} Bd6 {[%clk 0:14:15]} 1/2-1/2

[Event "Russian Rapid Championship (m)"]
[Site "Sochi"]
[Date "2022.10.16"]
[Round "8.12"]
[White "Zakhartsov, Vladimir"]
[Black "Ponkratov, Pavel"]
[Result "0-1"]
[BlackElo "2518"]
[WhiteElo "2435"]
[LiveChessVersion "1.4.8"]

1. e4 {[%clk 0:15:19]} e5 {[%clk 0:15:11]} 2. Nf3 {[%clk 0:15:27]} Nc6
{[%clk 0:15:20]} 3. Nc3 {[%clk 0:15:35]} Nf6 {[%clk 0:15:24]} 4. a3
{[%clk 0:15:44]} g6 {[%clk 0:14:51]} 5. Bc4 {[%clk 0:15:49]} Bg7 {[%clk 0:14:48]}
6. d3 {[%clk 0:15:50]} O-O {[%clk 0:14:27]} 7. h3 {[%clk 0:15:56]} d6
{[%clk 0:14:29]} 8. Be3 {[%clk 0:16:03]} Ne7 {[%clk 0:14:28]} 9. Qd2
{[%clk 0:15:37]} d5 {[%clk 0:14:32]} 10. exd5 {[%clk 0:15:45]} Nfxd5
{[%clk 0:14:40]} 11. Nxd5 {[%clk 0:15:01]} Nxd5 {[%clk 0:14:49]} 12. Bh6
{[%clk 0:15:03]} Nf4 {[%clk 0:14:35]} 13. Bxg7 {[%clk 0:14:23]} Kxg7
{[%clk 0:14:43]} 14. g3 {[%clk 0:13:45]} b5 {[%clk 0:13:28]} 15. gxf4
{[%clk 0:12:16]} Bb7 {[%clk 0:13:35]} 16. Bxb5 {[%clk 0:10:53]} Bxf3
{[%clk 0:13:42]} 17. Rg1 {[%clk 0:11:01]} Qf6 {[%clk 0:13:36]} 18. Rg3
{[%clk 0:10:11]} Bh5 {[%clk 0:13:43]} 19. f5 {[%clk 0:09:33]} Qxf5
{[%clk 0:13:34]} 20. Bc6 {[%clk 0:07:23]} Rab8 {[%clk 0:13:36]} 21. Qc3
{[%clk 0:07:32]} Qf4 {[%clk 0:11:43]} 22. Kf1 {[%clk 0:07:41]} Rb6
{[%clk 0:11:29]} 23. b4 {[%clk 0:07:34]} Rd8 {[%clk 0:08:50]} 24. Re1
{[%clk 0:05:39]} Rd6 {[%clk 0:08:59]} 25. Re4 {[%clk 0:04:52]} Rbxc6
{[%clk 0:08:58]} 26. Qxe5+ {[%clk 0:03:37]} Qxe5 {[%clk 0:09:06]} 27. Rxe5
{[%clk 0:03:47]} Kh6 {[%clk 0:08:44]} 28. c4 {[%clk 0:03:48]} Rd7
{[%clk 0:08:47]} 29. Ke1 {[%clk 0:03:36]} Ra6 {[%clk 0:08:55]} 30. Ra5
{[%clk 0:03:22]} Rxa5 {[%clk 0:09:01]} 31. bxa5 {[%clk 0:03:31]} f5
{[%clk 0:09:09]} 32. f4 {[%clk 0:03:37]} Rd4 {[%clk 0:09:04]} 0-1

[Event "Russian Rapid Championship (m)"]
[Site "Sochi"]
[Date "2022.10.16"]
[Round "8.14"]
[White "Vlasenko, Miroslav"]
[Black "Iljin, Timofey"]
[Result "1/2-1/2"]
[BlackElo "2488"]
[WhiteElo "2312"]
[LiveChessVersion "1.4.8"]

1. d4 {[%clk 0:15:10]} d5 {[%clk 0:15:18]} 2. Bf4 {[%clk 0:15:27]} Nf6
{[%clk 0:15:26]} 3. e3 {[%clk 0:15:36]} c5 {[%clk 0:15:34]} 4. Nf3
{[%clk 0:15:44]} Nc6 {[%clk 0:15:43]} 5. Nbd2 {[%clk 0:15:53]} cxd4
{[%clk 0:15:52]} 6. exd4 {[%clk 0:16:03]} Bf5 {[%clk 0:16:00]} 7. c3
{[%clk 0:16:02]} e6 {[%clk 0:16:07]} 8. Bb5 {[%clk 0:15:22]} Bd6 {[%clk 0:16:10]}
9. Ne5 {[%clk 0:14:05]} Qc7 {[%clk 0:16:18]} 10. Bg3 {[%clk 0:13:11]} O-O
{[%clk 0:16:17]} 11. Bxc6 {[%clk 0:12:10]} bxc6 {[%clk 0:16:25]} 12. b4
{[%clk 0:11:48]} a5 {[%clk 0:16:31]} 13. a3 {[%clk 0:11:40]} Ne4 {[%clk 0:13:59]}
14. Nxe4 {[%clk 0:11:31]} Bxe4 {[%clk 0:14:07]} 15. O-O {[%clk 0:11:17]} f6
{[%clk 0:14:09]} 16. Nd3 {[%clk 0:11:00]} e5 {[%clk 0:13:12]} 17. Nc5
{[%clk 0:10:20]} Bf5 {[%clk 0:13:19]} 18. Re1 {[%clk 0:09:43]} Rfe8
{[%clk 0:13:11]} 19. Qb3 {[%clk 0:08:16]} Bg6 {[%clk 0:12:49]} 20. Qb2
{[%clk 0:07:14]} h5 {[%clk 0:12:03]} 21. Qd2 {[%clk 0:07:17]} h4 {[%clk 0:11:52]}
22. Bxh4 {[%clk 0:07:03]} exd4 {[%clk 0:12:01]} 23. Bg3 {[%clk 0:04:49]} dxc3
{[%clk 0:12:08]} 24. Qxc3 {[%clk 0:04:52]} axb4 {[%clk 0:11:28]} 25. axb4
{[%clk 0:04:38]} Rxa1 {[%clk 0:11:36]} 26. Qxa1 {[%clk 0:04:35]} Rxe1+
{[%clk 0:11:39]} 27. Qxe1 {[%clk 0:04:38]} Qe7 {[%clk 0:11:46]} 28. Qxe7
{[%clk 0:04:06]} Bxe7 {[%clk 0:11:54]} 29. f3 {[%clk 0:04:12]} Kf7
{[%clk 0:11:37]} 30. Kf2 {[%clk 0:04:21]} Bb1 {[%clk 0:11:39]} 31. Ke3
{[%clk 0:04:18]} g5 {[%clk 0:11:09]} 32. Bc7 {[%clk 0:03:24]} f5 {[%clk 0:10:53]}
33. Be5 {[%clk 0:03:13]} Ba2 {[%clk 0:09:22]} 34. g3 {[%clk 0:03:11]} Bc4
{[%clk 0:09:28]} 35. Kd4 {[%clk 0:02:54]} Be2 {[%clk 0:09:31]} 36. Ke3
{[%clk 0:03:03]} Bb5 {[%clk 0:09:36]} 37. Kd4 {[%clk 0:03:08]} Be2
{[%clk 0:09:45]} 38. Ke3 {[%clk 0:03:17]} Bb5 {[%clk 0:09:53]} 39. Ke4 1/2-1/2